Logo BPK

Bibliografia Prac Pracowników

Politechniki Koszalińskiej

Dzikie wyrobiska piasku i żwiru w regionie środkowopomorskim / (Rekord nr 1663)

Szczegóły MARC
000 -ETYKIETA REKORDU
podpole kontrolne o stałej długości 01143nab a2200241 i 4500
001 - NUMER KONTROLNY REKORDU
podpole kontrolne BPP
003 - IDENTYFIKATOR NUMERU KONTROLNEGO REKORDU
podpole kontrolne BPK
005 - DATA OSTATNIEJ MODYFIKACJI REKORDU
podpole kontrolne 20150326134821.0
008 - POLE O STAŁEJ DŁUGOŚCI - DANE KONTROLNE
podpole kontrolne o stałej długości 150326s2002 pl | | |000 ||pol
040 ## - ŹRÓDŁO KATALOGOWANIA
Instytucja, która utworzyła rekord BPK
080 ## - UNIWERSALNA KLASYFIKACJA DZIESIĘTNA - UKD
UKD 553
100 ## - NAZWA OSOBOWA
Nazwa osobowa HARABIN, Zdzisław.
Lata pracy 2000 - 2005.
Instytucja Politechnika Koszalińska - Wydział Budownictwa i Inżynierii Środowiska,
Wydział Katedra Techniki Wodno-Mułowej i Utylizacji Odpadów
245 ## - TYTUŁ/ODPOWIEDZIALNOŚĆ
Tytuł Dzikie wyrobiska piasku i żwiru w regionie środkowopomorskim /
Pozostałe elementy strefy tytułu i oznaczenia odpowiedzialności Zdzisaw Harabin, Witold Pulkowski, Andrzej Wrona.
260 ## - STREFA ADRESU WYDAWNICZEGO
Data publikacji, dystrybucji/powstania dokumentu 2002.
500 ## - UWAGI OGÓLNE
Tekst uwagi Dane z Informatora o publikowanych wynikach prac naukowo-badawczych w 2002 Wydziału Budownictwa i Inżynierii Środowiska.
520 ## - UWAGA DOTYCZĄCA TREŚCI DOKUMENTU
Analiza dokumentacyjna, adnotacja itp. Bezładne (dzikie) usuwanie odpadów bytowo-gospodarczych do wyrobisk pokopalnianych stanowi poważny problem ekologiczny i społeczno-wychowawczy. W regionie środkowopomorskim zidentyfikowano aż 50 wyrobisk zaśmieconych odpadami.
650 #0 - HASŁO PRZEDMIOTOWE W FORMIE NAZWY OGÓLNEJ LUB JEDNOSTKOWEJ
Nazwa ogólna lub geograficzna Odpady.
650 #0 - HASŁO PRZEDMIOTOWE W FORMIE NAZWY OGÓLNEJ LUB JEDNOSTKOWEJ
Nazwa ogólna lub geograficzna Piasek.
650 #0 - HASŁO PRZEDMIOTOWE W FORMIE NAZWY OGÓLNEJ LUB JEDNOSTKOWEJ
Nazwa ogólna lub geograficzna Żwir.
650 #0 - HASŁO PRZEDMIOTOWE W FORMIE NAZWY OGÓLNEJ LUB JEDNOSTKOWEJ
Nazwa ogólna lub geograficzna Pomorze Zachodnie.
773 ## - TYTUŁ DOKUMENTU MACIERZYSTEGO
Wyrażenie wprowadzające W :
Tytuł Inżynieria Ekologiczna. -
Informacje dotyczące relacji 2002
942 ## - HASŁO DODATKOWE - ELEMENTY(KOHA)
Typ dokumentu Artykuł
Schemat klasyfikacji Uniwersalna klasyfikacja dziesiętna

Brak dostępnych egzemplarzy.

© 2014 Biblioteka Politechniki Koszalińskiej :: BIBLIOGRAFIA PRAC PRACOWNIKÓW